Sports Quiz

Random Sports or MLB Quiz

MLB Top 5 Power Speed Number 1970-2011 Quiz Stats

 Plays Quiz not verified by Sporcle

Also try: Cricket ODI Teams
Challenge
Share
Tweet
Embed
Score 0/210 Timer 15:00
0 Plays Today
Year Player % Correct
2007Alex Rodriguez
93.7%
2005Alex Rodriguez
93.7%
2004Alex Rodriguez
93.7%
2003Alex Rodriguez
93.7%
1998Alex Rodriguez
93.7%
1998Barry Bonds
93.1%
1997Barry Bonds
93.1%
1996Barry Bonds
93.1%
1995Barry Bonds
93.1%
1994Barry Bonds
93.1%
1993Barry Bonds
93.1%
1992Barry Bonds
93.1%
1991Barry Bonds
93.1%
1990Barry Bonds
93.1%
1989Barry Bonds
93.1%
1979Bobby Bonds
93.1%
1978Bobby Bonds
93.1%
1977Bobby Bonds
93.1%
1975Bobby Bonds
93.1%
1974Bobby Bonds
93.1%
1973Bobby Bonds
93.1%
1972Bobby Bonds
93.1%
1971Bobby Bonds
93.1%
1970Bobby Bonds
93.1%
2011Matt Kemp
93%
2009Matt Kemp
93%
2011Ryan Braun
90.9%
2007Jimmy Rollins
90.6%
2006Jimmy Rollins
90.6%
2008Hanley Ramirez
90.4%
2007Hanley Ramirez
90.4%
2006Hanley Ramirez
90.4%
2010Carlos Gonzalez
88.3%
2008Carlos Beltran
88.2%
2004Carlos Beltran
88.2%
2003Carlos Beltran
88.2%
2002Carlos Beltran
88.2%
2000Andruw Jones
87.5%
1999Andruw Jones
87.5%
1999Ken Griffey Jr.
87.4%
1998Ken Griffey Jr.
87.4%
1979Ruppert Jones
87.4%
2009Chase Utley
87.1%
2011Jacoby Ellsbury
86.3%
2002Vladimir Guerrero
86.2%
2001Vladimir Guerrero
86.2%
1983Pedro Guerrero
86.1%
1982Pedro Guerrero
86.1%
1999Jeff Bagwell
85.5%
1997Jeff Bagwell
85.5%
1994Jeff Bagwell
85.5%
1993Rickey Henderson
84.2%
1991Rickey Henderson
84.2%
1990Rickey Henderson
84.2%
1986Rickey Henderson
84.2%
1985Rickey Henderson
84.2%
1984Rickey Henderson
84.2%
1997Larry Walker
82.6%
2007David Wright
82.4%
2006Alfonso Soriano
82.4%
2005Alfonso Soriano
82.4%
2003Alfonso Soriano
82.4%
2002Alfonso Soriano
82.4%
1995Sammy Sosa
82.4%
1994Sammy Sosa
82.4%
1993Sammy Sosa
82.4%
1997Craig Biggio
82%
1995Craig Biggio
82%
1998Jose Canseco
81.4%
1994Jose Canseco
81.4%
Year Player % Correct
1991Jose Canseco
81.4%
1988Jose Canseco
81.4%
2011Curtis Granderson
80.2%
2010Carl Crawford
79.1%
2006Carl Crawford
79.1%
2008Jose Reyes
79%
2006Jose Reyes
79%
2008Grady Sizemore
77%
1988Darryl Strawberry
75.9%
1987Darryl Strawberry
75.9%
1986Darryl Strawberry
75.9%
1985Darryl Strawberry
75.9%
1984Darryl Strawberry
75.9%
2010Chris Young
75.8%
1991Howard Johnson
75%
1990Howard Johnson
75%
1989Howard Johnson
75%
1987Howard Johnson
75%
1977Joe Morgan
74.4%
1976Joe Morgan
74.4%
1975Joe Morgan
74.4%
1974Joe Morgan
74.4%
1973Joe Morgan
74.4%
1972Joe Morgan
74.4%
1971Joe Morgan
74.4%
1976Reggie Jackson
73.3%
1975Reggie Jackson
73.3%
1974Reggie Jackson
73.3%
1973Reggie Jackson
73.3%
1971Reggie Jackson
73.3%
1996Brady Anderson
73.3%
1992Brady Anderson
73.3%
1989Bo Jackson
73.3%
1983Andre Dawson
72.3%
1982Andre Dawson
72.3%
1981Andre Dawson
72.3%
1980Andre Dawson
72.3%
1979Andre Dawson
72.3%
1978Andre Dawson
72.3%
2005Jason Bay
70%
2005Albert Pujols
69.9%
1990Ryne Sandberg
69.4%
1985Ryne Sandberg
69.4%
2011Ian Kinsler
69.4%
2009Ian Kinsler
69.4%
1981Mike Schmidt
69.3%
1975Mike Schmidt
69.3%
1974Mike Schmidt
69.3%
2007Brandon Phillips
69.3%
1996Barry Larkin
68.9%
1984Dale Murphy
68.8%
1983Dale Murphy
68.8%
1982Dale Murphy
68.8%
1981Dale Murphy
68.8%
1982Dwayne Murphy
68.7%
1996Dante Bichette
68.3%
1994Dante Bichette
68.3%
1989Eric Davis
67.8%
1988Eric Davis
67.8%
1987Eric Davis
67.8%
1986Eric Davis
67.8%
1980Robin Yount
67.2%
2003Gary Sheffield
67.1%
2003Derrek Lee
65.9%
1987Joe Carter
65.2%
1986Joe Carter
65.2%
2009Jayson Werth
62.5%
2005Bobby Abreu
61.5%
2004Bobby Abreu
61.5%
2001Bobby Abreu
61.5%
Year Player % Correct
2000Bobby Abreu
61.5%
1993Albert Belle
61.2%
2009Mark Reynolds
61.1%
1982Paul Molitor
61%
1998Shawn Green
59.4%
2008Matt Holliday
59.2%
2000Roberto Alomar
58.9%
1988Kirk Gibson
57.7%
1986Kirk Gibson
57.7%
1985Kirk Gibson
57.7%
1984Kirk Gibson
57.7%
2001Jose Cruz
56.8%
1996Ellis Burks
56.4%
2000Preston Wilson
55.9%
1971Willie Mays
55.3%
1980Dave Winfield
52.6%
2002Aaron Boone
52.1%
1993Ron Gant
51.4%
1991Ron Gant
51.4%
1990Ron Gant
51.4%
1992Devon White
47.3%
2000Darin Erstad
45.4%
1970Carl Yastrzemski
45.1%
1988Andy Van Slyke
44.8%
1976Cesar Cedeno
41.5%
1974Cesar Cedeno
41.5%
1973Cesar Cedeno
41.5%
1972Cesar Cedeno
41.5%
2001Raul Mondesi
40.7%
1999Raul Mondesi
40.7%
1997Raul Mondesi
40.7%
1995Raul Mondesi
40.7%
1980Cecil Cooper
38.6%
1979Don Baylor
37.5%
1978Don Baylor
37.5%
1977Don Baylor
37.5%
1976Don Baylor
37.5%
1975Don Baylor
37.5%
2004Mike Cameron
35.3%
2002Mike Cameron
35.3%
2001Mike Cameron
35.3%
2010Alexis Rios
35.2%
1992Ray Lankford
34.8%
1999Reggie Sanders
34.3%
1995Reggie Sanders
34.3%
1992Marquis Grissom
33.5%
1972Dick Allen
31.7%
1979Davey Lopes
31.5%
1978Davey Lopes
31.5%
1978Amos Otis
29.9%
1971Amos Otis
29.9%
2010Drew Stubbs
29.6%
1976Sal Bando
29.4%
1989Von Hayes
25.9%
1972Nate Colbert
25.5%
1985Juan Samuel
25.4%
1984Juan Samuel
25.4%
1970Bert Campaneris
23.9%
1987Lloyd Moseby
23.7%
1981Leon Durham
19.5%
1970Tommie Agee
18.7%
1973Tommy Harper
17.1%
1970Tommy Harper
17.1%
1983Dickie Thon
15.7%
1977Toby Harrah
15.6%
2004Corey Patterson
12.7%
1980Lee Mazzilli
12.4%
1977Mitchell Page
8.8%
1983Gary Redus
6.3%
1981Tom Paciorek
6%

You're not logged in!

Compare scores with friends on all Sporcle quizzes.
Join for Free
OR
Log In

You Might Also Like...

Show Comments

Extras

Top Quizzes Today


Score Distribution

Your Account Isn't Verified!

In order to create a playlist on Sporcle, you need to verify the email address you used during registration. Go to your Sporcle Settings to finish the process.

Report this User

Report this user for behavior that violates our Community Guidelines.

Details: